000 00943cam a2200289Ma 4500
001 SSB030363
003 OCoLC
005 20141111135616.0
008 120919s2014 caua b 001 0 eng d
015 _aGBB296532
_2bnb
020 _a9781285087030
035 _a(OCoLC)811730788
040 _aUKMGB
_beng
_cUKMGB
_dOCLCO
_dBSC
050 _aLB 1025
_b.M363 2014
100 1 _aMartin, David Jerner.
245 1 0 _aBuilding teachers :
_ba constructivist approach to introducing education /
_cby David Martin.
250 _a2nd ed.,
_binstructor's ed.
260 _aBelmont, Calif. :
_bWadsworth ;
_aAndover :
_bCengage Learning [distributor],
_c2014.
263 _a201301.
300 _axxx, 448 pages :
_bcolored illustrations ;
_c28 cm.
504 _aIncludes bibliography references and index.
521 _aEducation
650 0 _aTeaching.
650 0 _aEducation.
650 0 _aConstructivism (Education)
942 _2lcc
_cBK
_kFOR
999 _c276784
_d276784